00458 2200181 4500001002100000005001500021008004100036020001800077035001900095041000700114082001000121090001600131100001400147245003700161260003100198300001800229650002900247INLIS00000000001344720241224114546241224||||||||| | ||| |||| || |  a979-562-766-3 0010-1224013447 aid0 a384.1 a384.1 DAR p0 aDaryanto.00aPengetahuan Praktis Teknik Radio aJakartabBumi Aksarac2005 a83hlm;16X23cm 0aIlmu Teknik (Enjiniring)